[Event "Barcelona Tres Peons-A 21th"]
[Site "Barcelona"]
[Date "2019.01.30"]
[Round "4.8"]
[White "Albero Figueras, Emilio"]
[Black "Serrano Pertinez, Miquel"]
[Result "1-0"]
[WhiteElo "1961"]
[BlackElo "2058"]
[PlyCount "71"]
[EventDate "2019.01.09"]
[EventType "swiss"]
[EventRounds "9"]
[EventCountry "ESP"]
[SourceTitle "EXT 2024"]
[Source "ChessBase"]
[SourceDate "2023.10.10"]
[SourceVersion "1"]
[SourceVersionDate "2023.10.10"]
[SourceQuality "1"]

1. d4 e6 2. Nf3 c5 3. e3 Nf6 4. Bd3 b6 5. 0-0 Bb7 6. Nbd2 d5 7. b3 Nbd7 8. Ne5 Nxe5 9. dxe5 Nd7 10. Bb2 g6 11. f4 Bg7 12. Qg4 0-0 13. h4 Qe7 14. h5 Rac8 15. hxg6 fxg6 16. c4 Rc7 17. Nf3 Re8 18. Ng5 Nf8 19. cxd5 exd5 20. f5 Bc8 21. Rae1 Bxe5 22. Bxe5 Qxe5 23. Nf3 Qd6 24. Qg5 Rg7 25. f6 Rf7 26. e4 Qxf6 27. Qxf6 Rxf6 28. exd5 Rxe1 29. Rxe1 Bb7 30. Bc4 Rd6 31. a4 a6 32. Ng5 Rd7 33. d6+ Kg7 34. Re7+ Kf6 35. Nxh7+ Kf5 36. Nxf8 1-0

[Event "Barcelona Christmas A"]
[Site "Barcelona"]
[Date "2018.12.31"]
[Round "5.3"]
[White "Albero Figueras, Emilio"]
[Black "Bernat, Ernest"]
[Result "1/2-1/2"]
[WhiteElo "1969"]
[BlackElo "1897"]
[PlyCount "22"]
[EventDate "2018.12.27"]
[EventType "swiss"]
[EventRounds "9"]
[EventCountry "ESP"]
[SourceTitle "EXT 2024"]
[Source "ChessBase"]
[SourceDate "2023.10.10"]
[SourceVersion "1"]
[SourceVersionDate "2023.10.10"]
[SourceQuality "1"]

1. d4 e6 2. Nf3 f5 3. d5 Be7 4. dxe6 dxe6 5. Qxd8+ Bxd8 6. Bf4 Nf6 7. Nc3 0-0 8. e3 c6 9. Rd1 Ba5 10. Bc4 Nd5 11. Bxd5 exd5 1/2-1/2

[Event "Barcelona Sant Marti op-A 20th"]
[Site "Barcelona"]
[Date "2018.07.20"]
[Round "8"]
[White "Ruperez, Miguel Angel"]
[Black "Albero Figueras, Emilio"]
[Result "1-0"]
[WhiteElo "2226"]
[BlackElo "1968"]
[PlyCount "87"]
[EventDate "2018.07.13"]
[EventType "swiss"]
[EventRounds "9"]
[EventCountry "ESP"]
[SourceTitle "CBM 185 Extra"]
[Source "ChessBase"]
[SourceDate "2018.07.29"]
[SourceVersion "1"]
[SourceVersionDate "2018.07.29"]
[SourceQuality "1"]

1. b3 e6 2. Bb2 f5 3. e4 Qe7 4. exf5 exf5+ 5. Be2 b6 6. Nh3 Ba6 7. c4 Nc6 8. 0-0 0-0-0 9. Nf4 Qg5 10. Nd5 Nf6 11. d4 f4 12. Nbc3 Re8 13. Bf3 Nb4 14. Nxf6 gxf6 15. a3 Nc6 16. Nd5 Bb7 17. b4 Ne7 18. Nxe7+ Rxe7 19. Bxb7+ Kxb7 20. Qf3+ d5 21. cxd5 Rd7 22. d6+ c6 23. d5 cxd5 24. Rfd1 Rxd6 25. Rd4 Qe5 26. Rad1 Kb8 27. R4d2 Qe6 28. Qxf4 Kb7 29. Qf3 Be7 30. Rxd5 Rxd5 31. Qxd5+ Qxd5 32. Rxd5 Rd8 33. Rxd8 Bxd8 34. Kf1 Kc6 35. Ke2 Kb5 36. Kd3 Be7 37. g4 a5 38. bxa5 Kxa5 39. h4 Ka4 40. Kc2 h6 41. h5 Kb5 42. Bc1 Bf8 43. Kd3 Kc6 44. Ke4 1-0

[Event "Barcelona Sant Marti op-A 20th"]
[Site "Barcelona"]
[Date "2018.07.16"]
[Round "4"]
[White "Pinero Fernandez, Xavier"]
[Black "Albero Figueras, Emilio"]
[Result "1-0"]
[WhiteElo "2218"]
[BlackElo "1968"]
[PlyCount "53"]
[EventDate "2018.07.13"]
[EventType "swiss"]
[EventRounds "9"]
[EventCountry "ESP"]
[SourceTitle "CBM 185 Extra"]
[Source "ChessBase"]
[SourceDate "2018.07.29"]
[SourceVersion "1"]
[SourceVersionDate "2018.07.29"]
[SourceQuality "1"]

1. d4 e6 2. Bf4 d5 3. e3 f5 4. Nf3 Nf6 5. Nbd2 Be7 6. h3 c6 7. Bd3 0-0 8. Qe2 Ne4 9. c3 Nd7 10. g4 Nxd2 11. Nxd2 b5 12. gxf5 exf5 13. Nf3 b4 14. c4 Nf6 15. c5 Nh5 16. Ne5 Nxf4 17. exf4 Qc7 18. 0-0-0 Bf6 19. Rdg1 Bxe5 20. fxe5 Be6 21. f4 Rae8 22. Rg5 Re7 23. Rhg1 Rff7 24. Qh5 Qc8 25. Qh4 Qf8 26. Rh5 g6 27. Rxg6+ 1-0

[Event "Barcelona Gotic op 2nd"]
[Site "Barcelona"]
[Date "2018.06.19"]
[Round "8"]
[White "Perez Garcia, Adria"]
[Black "Albero Figueras, Emilio"]
[Result "1-0"]
[WhiteElo "2137"]
[BlackElo "1946"]
[PlyCount "97"]
[EventDate "2018.04.24"]
[EventType "swiss"]
[EventRounds "8"]
[EventCountry "ESP"]
[SourceTitle "EXT 2019"]
[Source "ChessBase"]
[SourceDate "2018.10.10"]
[SourceVersion "1"]
[SourceVersionDate "2018.10.10"]
[SourceQuality "1"]

1. b3 e6 2. Bb2 f5 3. Nf3 Nf6 4. g3 Be7 5. Bg2 0-0 6. 0-0 d5 7. c4 c6 8. Ne5 Nbd7 9. d3 Nxe5 10. Bxe5 Ng4 11. Bb2 Bd6 12. e4 dxc4 13. dxc4 Qc7 14. Qe2 e5 15. exf5 Bxf5 16. c5 Be7 17. h3 Nf6 18. Bxe5 Qd7 19. Rd1 Qe6 20. Qc4 Qxc4 21. bxc4 Bxc5 22. Nc3 Be6 23. Bxf6 gxf6 24. Ne4 Be7 25. Rab1 Rab8 26. c5 f5 27. Nd6 Bxd6 28. Rxd6 Kf7 29. a4 a6 30. Rb4 Ke7 31. Rh4 Rf7 32. Rh6 Bb3 33. Rd4 Be6 34. Rb4 Bd7 35. Bxc6 Bxc6 36. Rxc6 bxc6 37. Rxb8 Ke6 38. Rd8 Rd7 39. Rxd7 Kxd7 40. g4 fxg4 41. hxg4 Ke6 42. f4 Kd5 43. f5 Kxc5 44. f6 Kd6 45. g5 Ke6 46. Kf2 h6 47. gxh6 Kxf6 48. Ke3 Kg6 49. Kd4 1-0

[Event "Barcelona op 09"]
[Site "Barcelona"]
[Date "2011.10.07"]
[Round "2"]
[White "Albero Figueras, Emilio"]
[Black "Boix Moreno, Daniel"]
[Result "0-1"]
[WhiteElo "2006"]
[BlackElo "2329"]
[PlyCount "80"]
[EventDate "2011.09.30"]
[EventType "swiss"]
[EventRounds "6"]
[EventCountry "ESP"]
[SourceTitle "EXT 2013"]
[Source "ChessBase"]
[SourceDate "2012.11.22"]
[SourceVersion "1"]
[SourceVersionDate "2012.11.22"]
[SourceQuality "1"]

1. d4 Nf6 2. Nf3 c5 3. e3 g6 4. Bd3 Bg7 5. Nbd2 Qc7 6. c3 0-0 7. 0-0 d6 8. e4 e5 9. d5 Nh5 10. g3 Bf6 11. Nc4 Nd7 12. Ne3 Kh8 13. Ng2 Ng7 14. Bh6 Be7 15. Qd2 Nf6 16. Nfh4 c4 17. Bc2 Ng4 18. f3 Qb6+ 19. Be3 Nxe3 20. Nxe3 Bxh4 21. gxh4 Nh5 22. Kh1 Qc7 23. Ng2 Bh3 24. Rg1 Bxg2+ 25. Rxg2 Qe7 26. Rg4 Qf6 27. Qf2 Nf4 28. Rf1 h5 29. Rxf4 Qxf4 30. Qg3 Qxg3 31. hxg3 Kg7 32. f4 exf4 33. gxf4 Rae8 34. Re1 Re7 35. Ba4 a6 36. e5 b5 37. Bc2 Rfe8 38. b3 dxe5 39. bxc4 exf4 40. Rxe7 Rxe7 0-1

[Event "Barcelona op-A"]
[Site "Barcelona"]
[Date "1998.??.??"]
[Round "8"]
[White "Albero Figueras, Emilio"]
[Black "Carrey Abellan, Enric"]
[Result "1-0"]
[WhiteElo "2135"]
[BlackElo "2095"]
[PlyCount "45"]
[EventDate "1998.??.??"]
[EventType "swiss"]
[EventRounds "8"]
[EventCountry "ESP"]
[SourceTitle "EXT 2019"]
[Source "ChessBase"]
[SourceDate "2018.10.10"]
[SourceVersion "1"]
[SourceVersionDate "2018.10.10"]
[SourceQuality "1"]

1. d4 c5 2. d5 e5 3. e4 d6 4. f4 exf4 5. Bxf4 Nd7 6. Nf3 Qf6 7. Qc1 Ne7 8. Nc3 h6 9. Nb5 Ng6 10. Bg3 Kd8 11. Bd3 a6 12. Nc3 Nde5 13. 0-0 Nxf3+ 14. Rxf3 Qe7 15. e5 dxe5 16. Bxg6 fxg6 17. d6 Qe8 18. Ne4 Qc6 19. Qe3 Bf5 20. Nxc5 Bxd6 21. Rd1 Kc7 22. Rxd6 Qxf3 23. gxf3 1-0

[Event "ESP Ronda op"]
[Site "Spain"]
[Date "1998.??.??"]
[Round "?"]
[White "Albero Figueras, Emilio"]
[Black "Fernandez Diaz Mascort, Miguel"]
[Result "1-0"]
[WhiteElo "2135"]
[BlackElo "2220"]
[PlyCount "57"]
[EventDate "1998.??.??"]
[EventType "swiss"]
[EventRounds "9"]
[EventCountry "ESP"]
[SourceTitle "EXT 2003"]
[Source "ChessBase"]
[SourceDate "2002.11.25"]
[SourceVersion "1"]
[SourceVersionDate "2002.11.25"]
[SourceQuality "1"]

1. d4 Nf6 2. Nf3 c5 3. e3 e6 4. Bd3 b6 5. Qe2 Be7 6. 0-0 d5 7. b3 Bb7 8. Nbd2 0-0 9. Bb2 Ne4 10. Rad1 Bf6 11. Ne5 cxd4 12. exd4 Nd6 13. f4 Nc6 14. a3 g6 15. Ndf3 Nf5 16. g4 Nh4 17. Nxh4 Bxe5 18. fxe5 Qxh4 19. Rf6 a5 20. Rdf1 a4 21. b4 Ra7 22. Qf3 Bc8 23. Qf4 Nd8 24. Bc3 g5 25. Qf3 h5 26. Rg6+ fxg6 27. Qxf8+ Kh7 28. Bxg6+ Kxg6 29. Rf6+ 1-0